Регионална библиотека "Любен Каравелов" - Русе

Химия и опазване на околната среда (Запис номер 130832)

MARC детайли
000 -Лидер
Контролно поле с фиксирана дължина 01544nam a2200385 c 4500
003 - Код на организацията, давaща контролен номер
Контролно поле BLK
005 - Дата и час на последна редакция
Контролно поле 20250520124643.0
008 - Елементи от данни с фиксирана дължина
fixed length control field 180409b bul|||||r ||||||| ||bul||
010 ## - Наследен системен номер
LC control number KNG00136625000
020 ## - Международен стандартен номер на книга ISBN
Международен стандартен номер на книга ISBN 978-954-01-2615-9
-- издат.: Просвета
040 ## - Източник на каталожния запис
Идентификатор на билиотеката - собственик на записа BLK
041 ## - Код за език
Код за езика на текст/звукозапис или на отделно заглавие Български
Код за езика КДБФ Български
072 #7 - Код за тематичната категория
Код организация bullib
Код за тематична категория Н50
Текст Естествени науки. Математика и др. Н
080 ## - УДК
Текстов определител УДК Химия. Кристалография. Минералогия. Вж и 577.1; 66; 612.015; 631.41
УДК код - определител по УДК 54
УДК определител (079)(075.3)
УДК - код + определител 54(079)(075.3)
100 1# - Редна дума - Автор
Автор Пейков, Пламен Тодоров
Авторска отговорност първи автор
R(LIN) 322426
139 ## - Редно поле
Редна дума Химия и опазване на околната среда
Авторски знак Хим - Х 50
245 10 - Сведения за заглавието
Заглавие Химия и опазване на околната среда
Редно поле (дума) Пламен Тодоров Пейков.
257 ## - Страна на издаване
Страна на създаване/издаване България
260 ## - Област на издателските данни
-- София
Име на издателя, разпространителя и проч. Просвета
Година на издаване 2011
Печатница София : Д. Благоев
300 ## - Физическа характеристика
Страници 128 с.
Илюстрации и др. с ил, табл., диагр.
Размери/Мащаб 20 см
380 ## - Жанр
Жанр Естествени науки. Математика
490 1# - СЕРИИ (Колекции)
Име на серия Всичко за матурата
650 #4 - Допълнително описание по предмет – тема
Основно описание – тема или топоним Химия - учебници за средни училища
9 (RLIN) 245457
653 ## - Ключова дума – ненормативна
Ключова дума химия
653 ## - Ключова дума – ненормативна
Ключова дума околна среда
653 ## - Ключова дума – ненормативна
Ключова дума учебни помагала
653 ## - Ключова дума – ненормативна
Ключова дума матури
659 ## - Тематичен бюлетин
Тематичен бюлетин Н
852 ## - Местоположение
Форматна сигнатура Цб 257205
856 4# - Електронен адрес и достъп
Електронен формат pdf - файл
Път до файла /url/
856 4# - Електронен адрес и достъп
Електронен формат pdf - файл
Път до файла /url/
942 ## - АРТИКУЛИ
Вид на библиотечния материал Книги
Скрит в OPAC Не
Koha issues (borrowed), all copies 10
944 ## - СЪЗДАВАНЕ И РЕДАКЦИЯ на ЗАПИСА
Създаване/Редакция Създаване
Дата на регистрацията/редакция 30.11.2012
Служител, извършил регистрацията/редакцията 30576
Статус, дата на статуса Цветомила Тодорова
944 ## - СЪЗДАВАНЕ И РЕДАКЦИЯ на ЗАПИСА
Създаване/Редакция Редакция
Дата на регистрацията/редакция 03.04.2013
Служител, извършил регистрацията/редакцията
999 ## - СИСТЕМНИ КОНТРОЛНИ НОМЕРА
Koha biblionumber 130832
Koha biblioitemnumber 130832
Наличности
Код за отписване Код за изгубен артикул Източник на класификационната схема Код за повреда Коз за рестрикции Код за отдаване Артикулен № Име на библиотеката - собственик Име на библиотеката, в която се намира в момента Статус (Текущо местоположение) Дата на вписване в системата Местоположение - отдел Цена в лева Инвентарен номер Систематично азбучна сигнатура Баркод Номер на екземпляра Цена в евро Служебна бележка Служебен тип на артикула
Изтеглен Не е изгубен Universal Decimal Classification Не е повреден без рестрикции заемане за дома 213117 Регионална библиотека "Любен Каравелов" Русе Регионална библиотека "Любен Каравелов" Русе Заемна - подръчен фонд 2012-11-25 Заемна - подръчен фонд 9.80 120000761517 П 54(07)/Х 50 120000761517 1 5.01 Дост: Pk Вид: Ф N: 321 Дата: 19.11.2012 Книги
  Не е изгубен   Не е повреден без рестрикции заемане за дома 213118 Регионална библиотека "Любен Каравелов" Русе Регионална библиотека "Любен Каравелов" Русе Заемна - подръчен фонд 2012-11-25 Заемна - подръчен фонд 9.80 120000761518 П 54(07)/Х 50 120000761518 2 5.01 Дост: Pk Вид: Ф N: 321 Дата: 19.11.2012 Дата инв: 02.02.2018 Бележки инв: П2018 Книги
  Не е изгубен   Не е повреден без рестрикции ползва се в читалня 213119 Регионална библиотека "Любен Каравелов" Русе Регионална библиотека "Любен Каравелов" Русе Хранилище 2013-04-03 Хранилище 9.80 120000765377 Цб 257205 120000765377 3 5.01 Дост: Dp Вид: Д N: 1 Дата: 09.01.2012 Книги
Vip Innovations Ltd, Rousse, Bulgaria 2025